00826nam a2200217 i 4500003000900000005001700009007000300026008004100029040003000070082002300100110012700123245006300250264008000313300002600393336002700419337003300446338002800479650001800507650003700525650004600562DO-SdBNP20260417103605.0ta250304s1998 dr 000 0 spa d aDO-SdBNPbspacBNPHUerda a305.23 bR426p2221 aRepública Dominicana. bSecretaria Administrativa de la Presidencia. bDirección General de Promoción de la Juventud10aPolítica nacional de adolescencia y juventud 1998-2003 / 1aSanto Domingo :bDirección General de Promoción de la Juventud,c1998.. a105 páginasc21 cm. atextobtxt2rdacontent asin mediaciónbn2rdamedia avolumenbnc2rdacarrier 0a Adolescencia aJuventudxRepública Dominicana aRepública DominicanaxPolítica social